| 000 | 00404nam a2200181Ia 4500 | ||
|---|---|---|---|
| 008 | 240510s9999 xx 000 0 und d | ||
| 041 | _aEng | ||
| 082 | _a519.2 | ||
| 082 | _bD18 | ||
| 100 | _aDAVID, F.N.:PEARSON, E.S | ||
| 245 | 0 | _aElementary statistical exercises | |
| 260 | _bCambridge, C.U.P | ||
| 260 | _c1963 | ||
| 300 | _a108 p. | ||
| 650 | _aStatistics | ||
| 942 | _2ddc | ||
| 942 | _cLBK | ||
| 999 |
_c23526 _d23526 |
||
| 945 |
_a1 _bMadushi Gamage _c1 _dMadushi Gamage |
||